00556nam a2200145 a 450000100100000000500170001000800410002704000250006810000310009324500860012426000470021070000300025795201060028799900170039300003817820201002031204.0130320s2002 dr 000 0 spa d aDO-SdBNPbspacBNPHU1 aHorguín, Demetrio96454710aManual del control financiero municipal /cDemetrio Horguín, Máximo Pimentel. aSanto Domingo :bGráfica William,c2002.1 aMáximo, Pimentel964548 00107-18PDaPDbPDcOId2013-03-20iLF1l0o p38178-10r2020-06-25w2020-06-25yLFPDZNo se presta c37668d37668